Výpočtová zložitosť algoritmov /

Na minha lista:
Detalhes bibliográficos
Autor principal: Gruska, Jozef (Author)
Formato: Livro
Idioma:eslovaco
Publicado em: Bratislava : STU v Bratislave, 1983
Edição:1.vyd.
Tags: Adicionar Tag
Sem tags, seja o primeiro a adicionar uma tag!

MARC

LEADER 00000nam a22000003a 4500
001 stu6940
005 20150617225703.8
008 940722s1983----cs------------------slo-d
040 |a STU  |b slo 
041 0 |a slo 
044 |a cs 
100 1 |a Gruska, Jozef  |4 aut 
245 1 |a Výpočtová zložitosť algoritmov /  |c [aut.] Gruska,Jozef 
250 |a 1.vyd. 
260 |a Bratislava :  |b STU v Bratislave,  |c 1983 
300 |a 112 s 
996 |b IS563  |c I*S563  |l II680  |s A  |a 24  |w stu6940_0001 
996 |b E55089  |c E*55089  |l EE01  |s A  |a 24  |w stu6940_0002